Rescate y divulgación de estrategias y materiales didácticos para la enseñanza del español en educación básica

Gorde:
Xehetasun bibliografikoak
Egile Nagusiak: Sánchez Sánchez, Sara (Egilea), Ramírez Ruedas, Irma (Egilea)
Formatua: Liburua
Hizkuntza:gaztelania
Argitaratua: Ciudad de México Universidad Pedagógica Nacional 2000
Saila:Colección Educación, 16
Gaiak:
Etiketak: Etiketa erantsi
Etiketarik gabe, Izan zaitez lehena erregistro honi etiketa jartzen!

MARC

LEADER 00000nam a2200000 a 4500
001 UCN2839
003 CL-VaPUC
008 010608e20000000MX |||||||||||||||||spa|d
082 0 4 |a 372.4044  |b SAN  |2 21 
100 0 |a Sánchez Sánchez, Sara  |e author  |9 459036 
700 0 |a Ramírez Ruedas, Irma  |e author  |9 459037 
245 1 0 |a Rescate y divulgación de estrategias y materiales didácticos para la enseñanza del español en educación básica 
300 |a 83 p 
942 |c BK 
945 |d 20010608 00:00:00  |a cmena 
260 |a Ciudad de México  |b Universidad Pedagógica Nacional  |c 2000 
650 0 |a Educación lingüística  |9 306506 
650 0 |a Educación básica   |9 224933 
650 0 |a Métodos de enseñanza  |9 270413 
650 0 |a Enseñanza de la lectura  |9 308364 
650 0 |a Enseñanza de la escritura  |9 307377 
583 |a last modification  |c 20010608 00:00:00  |k Rodrigo Vera 
490 0 |a Colección Educación, 16 
999 |c 295863  |d 295861 
952 |0 0  |1 0  |4 0  |6 372_404400000000000_SAN_2000  |7 0  |8 P  |9 349258  |a BIBEDU  |b BIBEDU  |c BIBEDU_PB  |d 2019-11-20  |i 3721604  |o 372.4044 SAN 2000  |p 3721604  |r 2024-01-25  |w 2019-11-20  |y BK  |k EPE